Statistiken für So lange warteten die Bundesliga-Meister auf ihren ersten Titel

Klicken Sie hier um das Quiz zu spielen!

Allgemein

  • Dieses Quiz wurde 46 mal gespielt
  • Das Durchschnittsergebnis liegt bei 10 aus 13

Antwortstatistiken

Saisons/erster TitelVerein% Korrekt
45 Saisons (2024)Leverkusen
98%
eine Saison (1964)1.FC Köln
93%
vier Saisons (1969)Bayern
85%
12 Saisons (2009)Wolfsburg
85%
fünf Saisons (1970)Gladbach
78%
zwei Saisons (1965)Werder Bremen
78%
16 Saisons (1979)Hamburg
73%
28 Saisons (1991)Lautern
68%
19 Saisons (1984)VfB Stuttgart
68%
28 Saisons (1995)Dortmund
66%
fünf Saisons (1968)Nürnberg
66%
drei Saisons (1966)1860 München
63%
vier Saisons (1967)Braunschweig
61%

Verteilung der Resultate

Perzentil nach korrekt beantworteten Fragen

Anzahl Personen mit jedem Resultat

Ihre Resultats-Entwicklung

Sie haben dieses Quiz noch nicht gespielt